| 000 | 00702cam a22001815a 4500 | ||
|---|---|---|---|
| 001 | L155883 | ||
| 008 | 120418s1848 xxk f 000 0 eng d | ||
| 035 | _a(Sirsi) u155883 | ||
| 041 | 0 | _aeng | |
| 100 | 1 |
_aTooke, Thomas _d1774-1858 |
|
| 245 | 0 | 2 |
_aA history of prices, and of the state of the circulation, from 1839 to 1847 inclusive _bwith a general review of the currency question, and remarks on the operation of the act 7 & 8 Vict. c. 32 |
| 260 |
_aLondon _bPrinted for Longman, Brown, Green, and Longmans _c1848 |
||
| 300 |
_axiv, 500 p. _c23 cm. |
||
| 583 |
_aCondition reviewed _c20120620 _lcondition level 4 |
||
| 651 | 4 |
_aGreat Britain _y1707- |
|
| 690 | _aFinance and taxation | ||
| 942 | _n0 | ||
| 999 |
_c113895 _d113895 |
||